000 00549nam a2200217Ia 4500
005 20250425160653.0
008 250425s9999 xx 000 0 und d
020 _a9978770526
041 _aspa
082 _a306
100 _aJIJON CAAMAÑO, JACINTO
245 0 _aANTROPOLOGIA PREHISPANICA DEL ECUADOR
250 _a2A ED.
260 _aEcuador
_bMUSEO JACINTO JIJON Y CAAMAÑO
_c1997
260 _aS.L.
300 _a387
650 _aARQUEOLOGIA-ECUADOR
650 _aCULTURAS PREHISPANICAS-ECUADOR
942 _c01
010 _a1921
999 _c193793
_d193793